Online Public Access Catalog -OPAC

Atlas of energy budgets of plant leaves/ (Record no. 57179)

MARC details
000 -LEADER
fixed length control field 00521nam a2200169Ia 4500
008 - FIXED-LENGTH DATA ELEMENTS--GENERAL INFORMATION
fixed length control field 100512 1971 a g | 000 0 eng d
020 ## - INTERNATIONAL STANDARD BOOK NUMBER
International Standard Book Number 122772504
040 ## - CATALOGING SOURCE
Original cataloging agency ABU, Za
050 ## - LIBRARY OF CONGRESS CALL NUMBER
Classification number QK 755
100 ## - MAIN ENTRY--PERSONAL NAME
Personal name Gates, David M.
245 #0 - TITLE STATEMENT
Title Atlas of energy budgets of plant leaves/
Statement of responsibility, etc. by David M. Gates and Laverne E. Papian
260 ## - PUBLICATION, DISTRIBUTION, ETC.
Place of publication, distribution, etc. London
Name of publisher, distributor, etc. Academic Press
Date of publication, distribution, etc. 1971
300 ## - PHYSICAL DESCRIPTION
Extent vii, 277p. : ill.
500 ## - GENERAL NOTE
General note Includes bibilographies
700 ## - ADDED ENTRY--PERSONAL NAME
Personal name Laverne E. Papian

No items available.

Customized by ICT Technical Service Unit on 29th Dec 2022

Kashim Ibrahim Library